Essais

שמור ב:
מידע ביבליוגרפי
מחבר ראשי: Montaigne, Michel de (autor)
פורמט: ספר
שפה:צרפתית
יצא לאור: París Garnier Frères 1948
סדרה:Classiques Garnier
נושאים:
תגים: הוספת תג
אין תגיות, היה/י הראשונ/ה לתייג את הרשומה!

MARC

LEADER 00000nam a2200000 a 4500
001 UCQ0762
003 CL-VaPUC
008 980703e19480000FR |||||||||||||||||fre|d
082 0 4 |a 844  |b MON  |2 21 
100 |a Montaigne, Michel de  |e autor  |9 346836 
245 1 0 |a Essais 
300 |a v 
942 |c BK 
945 |d 19980703 00:00:00  |a lriquelm 
260 |a París  |b Garnier Frères  |c 1948 
650 0 |a Ensayos franceses  |9 265511 
650 0 |a Literatura francesa  |9 266330 
583 |a last modification  |c 19980703 00:00:00  |k Rodrigo Vera 
490 0 |a Classiques Garnier 
999 |c 271795  |d 271793 
952 |0 0  |1 0  |4 0  |6 844_000000000000000_MON_1948  |7 0  |8 A  |9 306561  |a BIBEDU  |b BIBEDU  |d 2019-11-20  |h v.1  |i 1425730  |o 844 MON 1948  |p 1425730  |r 2019-11-20  |w 2019-11-20  |y BK  |k LIT